Teror ctnosti o hranicích názorové svobody v Německu
Na minha lista:
| Autor principal: | |
|---|---|
| Outros Autores: | |
| Formato: | Livro |
| Idioma: | tcheco |
| Publicado em: |
Praha
Academia
2015
|
| Colecção: | XXI. století
sv. 35 |
| Assuntos: | |
| Tags: |
Sem tags, seja o primeiro a adicionar uma tag!
|
MARC
| LEADER | 00000nam a2200000 4500 | ||
|---|---|---|---|
| 001 | 0223284 | ||
| 005 | 20231215114614.4 | ||
| 020 | |a 978-80-200-2468-8 | ||
| 041 | 0 | |a cze | |
| 044 | |a CZ | ||
| 245 | 1 | 0 | |a Teror ctnosti |b o hranicích názorové svobody v Německu |c Thilo Sarrazin ; přeložil: František Štícha |
| 264 | 1 | |a Praha |b Academia |c 2015 | |
| 300 | |a 333 s. | ||
| 490 | 1 | |a XXI. století |v sv. 35 | |
| 830 | 0 | |a XXI. století |v sv. 35 | |
| 610 | 2 | 0 | |a prejavy |
| 610 | 2 | 0 | |a sloboda |
| 610 | 2 | 0 | |a médiá |
| 610 | 2 | 0 | |a politika |
| 610 | 2 | 0 | |a náboženstvo |
| 610 | 2 | 0 | |a konflikty |
| 610 | 2 | 0 | |a imigrácia |
| 610 | 2 | 0 | |a mienka verejná |
| 610 | 2 | 0 | |a manželstvo |
| 610 | 2 | 0 | |a morálka |
| 610 | 2 | 0 | |a nerovnosť |
| 610 | 2 | 0 | |a spravodlivosť |
| 610 | 2 | 0 | |a kultúra |
| 610 | 2 | 0 | |a islam |
| 610 | 2 | 0 | |a terorizmus |
| 610 | 2 | 0 | |a rodina |
| 610 | 2 | 0 | |a demografia |
| 610 | 2 | 0 | |a vývoj spoločenský |
| 610 | 2 | 0 | |a moc politická |
| 610 | 2 | 0 | |a postih |
| 610 | 2 | 0 | |a vylúčenie sociálne |
| 610 | 2 | 0 | |a Nemecko |
| 100 | 1 | |a Sarrazin, Thilo | |
| 700 | 1 | |a Štícha, František | |